Traffic control for freeway maintenance. (Record no. 529295)
[ view plain ]
| 000 -LEADER | |
|---|---|
| fixed length control field | 01333cam a2200361 4500 |
| 001 - CONTROL NUMBER | |
| control field | 4577867 |
| 003 - CONTROL NUMBER IDENTIFIER | |
| control field | NUST |
| 005 - DATE AND TIME OF LATEST TRANSACTION | |
| control field | 20190924102307.0 |
| 008 - FIXED-LENGTH DATA ELEMENTS--GENERAL INFORMATION | |
| fixed length control field | 700107s1969 dcua b 000 0 eng |
| 010 ## - LIBRARY OF CONGRESS CONTROL NUMBER | |
| LC control number | 74602322 |
| 038 ## - RECORD CONTENT LICENSOR | |
| Staff Name | MSOHAIL |
| 040 ## - CATALOGING SOURCE | |
| Original cataloging agency | DLC |
| Transcribing agency | DLC |
| Modifying agency | DLC |
| 050 00 - LIBRARY OF CONGRESS CALL NUMBER | |
| Classification number | TE228 |
| Item number | .N3 1969 |
| 082 00 - DEWEY DECIMAL CLASSIFICATION NUMBER | |
| Classification number | 625.79 |
| Author Mark | TRB |
| 100 ## - MAIN ENTRY--PERSONAL NAME | |
| Personal name | TRB / NCHRP |
| 9 (RLIN) | 21129 |
| 110 2# - MAIN ENTRY--CORPORATE NAME | |
| Corporate name or jurisdiction name as entry element | National Research Council (U.S.). |
| Subordinate unit | Highway Research Board. |
| 9 (RLIN) | 20721 |
| 245 10 - TITLE STATEMENT | |
| Title | Traffic control for freeway maintenance. |
| 260 ## - PUBLICATION, DISTRIBUTION, ETC. | |
| Place of publication, distribution, etc. | [Washington] |
| Date of publication, distribution, etc. | 1969. |
| 300 ## - PHYSICAL DESCRIPTION | |
| Extent | 47 p. |
| Other physical details | illus. |
| Dimensions | 28 cm. |
| 350 ## - PRICE (NR) (BK AM CF MU VM SE) [OBSOLETE] | |
| Price | 2.20 |
| 440 #0 - SERIES STATEMENT/ADDED ENTRY--TITLE | |
| Title | Synthesis of highway practice ; |
| Volume/sequential designation | 1 |
| 9 (RLIN) | 21130 |
| 490 1# - SERIES STATEMENT | |
| Series statement | NAS-NRC publication 1743. |
| 500 ## - GENERAL NOTE | |
| General note | "NCHRP project 20-5 FY '68." |
| 500 ## - GENERAL NOTE | |
| General note | "Research sponsored by the American Association of State Highway Officials in cooperation with the Bureau of Public Roads." |
| 504 ## - BIBLIOGRAPHY, ETC. NOTE | |
| Bibliography, etc. note | Bibliography: p. 36-37. |
| 650 #0 - SUBJECT ADDED ENTRY--TOPICAL TERM | |
| Topical term or geographic name entry element | Roads |
| General subdivision | Maintenance and repair |
| -- | Safety measures. |
| 9 (RLIN) | 21131 |
| 650 #0 - SUBJECT ADDED ENTRY--TOPICAL TERM | |
| Topical term or geographic name entry element | Traffic signs and signals. |
| 9 (RLIN) | 21132 |
| 710 2# - ADDED ENTRY--CORPORATE NAME | |
| Corporate name or jurisdiction name as entry element | American Association of State Highway Officials. |
| 9 (RLIN) | 19665 |
| 710 1# - ADDED ENTRY--CORPORATE NAME | |
| Corporate name or jurisdiction name as entry element | United States. |
| Subordinate unit | Bureau of Public Roads. |
| 9 (RLIN) | 19975 |
| 830 #0 - SERIES ADDED ENTRY--UNIFORM TITLE | |
| Uniform title | Publication (National Research Council (U.S.)) ; |
| Volume/sequential designation | no. 1743. |
| 9 (RLIN) | 21133 |
| 906 ## - LOCAL DATA ELEMENT F, LDF (RLIN) | |
| a | 7 |
| b | cbc |
| c | orignew |
| d | u |
| e | ncip |
| f | 19 |
| g | y-gencatlg |
| 942 ## - ADDED ENTRY ELEMENTS (KOHA) | |
| Source of classification or shelving scheme | |
| Koha item type | Book |
| Withdrawn status | Lost status | Source of classification or shelving scheme | Damaged status | Not for loan | Permanent Location | Current Location | Date acquired | Total Checkouts | Full call number | Barcode | Date last seen | Price effective from | Koha item type |
|---|---|---|---|---|---|---|---|---|---|---|---|---|---|
| School of Civil and Environmental Engineering (SCEE) | School of Civil and Environmental Engineering (SCEE) | 09/24/2019 | 625.79 TRB | NIT-10813 | 09/24/2019 | 09/24/2019 | Book |
